Segovia : (Record n. 19430)

Dettagli MARC
000 -LEADER
fixed length control field 00775nam a2200229 i 4500
003 - CONTROL NUMBER IDENTIFIER
control field IT-RoINE
005 - DATE AND TIME OF LATEST TRANSACTION
control field 20180418071216.0
008 - FIXED-LENGTH DATA ELEMENTS--GENERAL INFORMATION
fixed length control field 070626s2006 sp ae r ||1 ||spa d
020 ## - INTERNATIONAL STANDARD BOOK NUMBER
International Standard Book Number 8461119924
040 ## - CATALOGING SOURCE
Original cataloging agency SpMaBN
Language of cataloging spa
Transcribing agency SpMaBN IT-RoINE
Description conventions rdc
Modifying agency IT-RoINE
100 1# - MAIN ENTRY--PERSONAL NAME
Personal name Chaves Martín, Miguel Ángel,
Dates associated with a name 1964-
9 (RLIN) 38572
245 10 - TITLE STATEMENT
Title Segovia :
Remainder of title guía de arquitectura /
Statement of responsibility, etc Miguel Ángel Chaves Martín.
260 ## - PUBLICATION, DISTRIBUTION, ETC. (IMPRINT)
Place of publication, distribution, etc [Segovia] :
Name of publisher, distributor, etc COACYLE, Demarcación de Segovia,
Date of publication, distribution, etc 2006.
300 ## - PHYSICAL DESCRIPTION
Extent 287 p. :
Other physical details il. ;
Dimensions 25 cm +
Accompanying material 1 plano + 1 CD-ROM.
336 ## - CONTENT TYPE
Source rdacontent
Content type term text
337 ## - MEDIA TYPE
Source rdamedia
Media type term unmediated
338 ## - CARRIER TYPE
Source rdacarrier
Carrier type term volume
500 ## - GENERAL NOTE
General note Incluye índice.
504 ## - BIBLIOGRAPHY, ETC. NOTE
Bibliography, etc Bibliografía: p. 277-282.
650 #4 - SUBJECT ADDED ENTRY--TOPICAL TERM
Topical term or geographic name as entry element Arquitectura
Geographic subdivision España
-- Segovia
9 (RLIN) 38573
942 ## - ADDED ENTRY ELEMENTS (KOHA)
Item type Monografías
Dati di copia
Withdrawn status Lost status Damaged status Not for loan Home library Current library Date acquired Total Checkouts Full call number Barcode Date last seen Price effective from Koha item type Public note Shelving location
        Iglesia Nacional Española en Roma Iglesia Nacional Española en Roma 13/09/2017   ART.ARQ 28 43558 13/09/2017 13/09/2017 Monografías 2ª imp. 2007.  
        Iglesia Nacional Española en Roma Iglesia Nacional Española en Roma 13/09/2017   CD 9 43559 13/09/2017 13/09/2017 Monografías CD-ROM Estudio bibliotecario